000 01058nam a2200229Ia 4500
001 241-PIN se so (1078)
003 IT-MiSPE
008 171229s9999||||xx |||||||||||||| ||und||
040 _aIT-MiSPE
_cIT-MiSPE
041 _aFRANCESE
100 _aServais Th. Pinckaers
245 0 _aLes sources de la morale chrétienne
_bSa méthode, son contenu, son histoire
250 _a1a ed. (v)
260 _aFribourg (Suisse)
_bÉd. Universitaires
_c1985
300 _a523 p.
_c22 cm
490 _aÉtudes d'étique chrétienne
_v14
500 _aTeologia morale
501 _aEdizioni San Paolo srl - Piazza Soncino, 5 - 20092 CINISELLO BALSAMO (MI) (non commercial uses only) ® Copyright 2018
942 _cBK
957 _71
999 _a10874
_bNO
_g Copie: 1
_c341793
_d341793